01454nam a2200337 a 450000100100000000500170001000800410002702000180006809000130008610000400009924502390013925000110037826000500038930000180043950000350045750000680049250100470056051700610060760000400066865000240070865000190073265000150075170000390076670000350080570000380084070000410087874000240091974000260094399900150096995201320098400001746020200120222004.0010317s1997 cola gr0 000 d a958-30-0342-5 aATbMOLa0 aMoliére, Jean Baptiste Poquelín13aEl ávaro /cMoliére ( Jean Baptiste Poquelín); traducción: Patricia Aguirre Gutiérrez; ilustraciones interiores y de carátula: Nancy E. Granada Sabogal y Henrry J. Gonzáles Torres; editor: Juan Carlos González Espitia. a1a.ed. aSantafé de Bogotá :bPanamericana,c1997. a287p. : il.,. aIncluye cronología del autor aEj.1 de Mosquera donado por la Biblioteca Nacional - PNLB 2012. aEl médico a palos; El enfermo imaginario aL'avare le médicin malgré tui y le malade imaginaire aMOLIERE, JEAN BAPTISTE, 1622 - 167314aLITERATURA FRANCESA14aTEATRO FRANCES14aANTOLOGIAS1 aAguirre Gutiérrez, Patricia, tr.1 aGranada Sabogal, Nancy E., il.1 aGonzález Torres, Henrry J., il.1 aGonzález Espitia, Juan Carlos, ed.3 aEl médico a palos3 aEl enfermo imaginario c1053d1053 00102ddc40708LAaBPMOSbBPMOSd2020-01-20i99782l0oAT MOLapMOS001214r2021-01-05tej.1w2020-01-20yBKLITzQuince días